Distribučné kanály a ich riadenie diplomová práca

Gespeichert in:
Bibliographische Detailangaben
1. Verfasser: Saloňová, Karin
Körperschaft: Podnikovohospodárska fakulta EU so sídlom v Košiciach. Katedra ekonómie
Weitere Verfasser: Pružinský, Michal, 1952-
Format: Buch
Sprache:Slowakisch
Veröffentlicht: Košice 2022
Tags: Tag hinzufügen
Keine Tags, Fügen Sie das erste Tag hinzu!

MARC

LEADER 00000nbm a2200000 4500
001 0284824
005 20240827092026.9
041 0 |a slo 
044 |a SK 
245 1 0 |a Distribučné kanály a ich riadenie  |b diplomová práca  |c Karin Saloňová ; školiteľ: Michal Pružinský 
264 1 |a Košice  |c 2022 
300 |a 75 s. 
100 1 |a Saloňová, Karin 
700 1 |a Pružinský, Michal, 1952- 
710 2 |a Podnikovohospodárska fakulta EU so sídlom v Košiciach. Katedra ekonómie